| 000 | 01448cam a22003977a 4500 | ||
|---|---|---|---|
| 001 | 000028127 | ||
| 003 | CHAP | ||
| 005 | 20220817041852.0 | ||
| 008 | 971013s1984 r 00010 d | ||
| 010 | _a27081 | ||
| 011 | _a28053 | ||
| 035 | _a32154 | ||
| 040 | _cCHAP | ||
| 082 | 0 | 4 |
_a633.15 _bL33 |
| 100 | 0 | 0 |
_aLagunes Tejeda, Angel _ecomp. _964465 |
| 245 | 1 | 0 | _aEmpleo de substancias vegetales contra plagas del maíz como una alternativa al uso de insecticidas en áreas de temporal (PCAFBNA-oo1299) : Informe del proyecto cooperativo. |
| 260 |
_a(s.l. : _bs.e.), _c1984. |
||
| 300 | _a162 h. | ||
| 590 |
_aBATCH-UPD _b10 _c20130110 _lUCH01 _h0239 |
||
| 590 |
_aBATCH-UPD _b10 _c20130110 _lUCH01 _h1307 |
||
| 590 |
_aBATCH-UPD _b10 _c20130409 _lUCH01 _h2306 |
||
| 590 |
_aBATCH-UPD _b10 _c20130914 _lUCH01 _h1007 |
||
| 590 |
_aCONVERSION _b10 _c20130109 _lUCH01 _h1316 |
||
| 590 |
_aE5995AHE _b05 _c20150325 _lUCH01 _h1037 |
||
| 650 | 1 | 4 |
_aMaíz _xPlagas. _971034 |
| 650 | 1 | 4 |
_aPlantas insecticidas. _989010 |
| 710 | 0 |
_aColegio de Postgraduados. Chapingo, Méx. _925068 |
|
| 710 | 0 | _aConsejo Nacional de Ciencia y Tecnología. México. | |
| 710 | 0 | _aUACH. | |
| 901 | _aBK | ||
| 942 | _cLIBRO | ||
| 942 | _n0 | ||
| 949 |
_a633.15 L33 _bBC _cLIBRO _d-74402 _eLIBRO _fc.2 _h62124 _i32154 _mD _si |
||
| 949 |
_a633.15 L33 _bBC _cLIBRO _d-74403 _eLIBRO _fc.3 _h62125 _i32154 _mD _si |
||
| 949 |
_a633.15 L33 _bBC _cLIBRO _d33724000207262 _eLIBRO _h62122 _i32154 _mD _si |
||
| 999 |
_c27081 _d27081 |
||